| 000 | 00000nam##2200000za#4500 |
| 001 | 9.593167 |
| 003 | CaOODSP |
| 005 | 20210624201703 |
| 007 | cr ||||||||||| |
| 008 | 150406|2006||||xxc|||||o f|0| 0 fre|d |
| 040 | |aCaOODSP|bfre |
| 043 | |an-cn--- |
| 086 | 1 |aYM32-6/05-62F-PDF |
| 245 | 00|aLes femmes au Parlement / |h[ressource électronique]|c[par] Julie Cool. |
| 260 | |bBibliothèque du Parlement. |cLe 20 février 2006. |
| 300 | |a19p.|bréférences, tableaux |
| 490 | 1 |a[Les études générales modulaires]|vPRB 05-62F |
| 590 | |a06-14|b2006-04-07 |
| 590 | |a06-10-Supp|b2006-12-15 |
| 691 | 07|aFemme|2gcpds |
| 691 | 07|aParlement|2gcpds |
| 710 | 1 |aCanada.|bBibliothèque du Parlement. |bDirection de la recherche parlementaire. |
| 720 | 1 |aCool, Julie |
| 775 | 08|tWomen in Parliament / |w(CaOODSP)9.560496 |
| 830 | #0|a[Les études générales modulaires]|vPRB 05-62F|w(CaOODSP)9.501321 |
| 856 | 40|ahttp://publications.gc.ca|qPDF|s171 Ko|uhttps://publications.gc.ca/collections/Collection-R/LoPBdP/PRB-f/PRB0562-f.pdf|yPRB 05-62F |